Characters of connected Lie groups

Αποθηκεύτηκε σε:
Λεπτομέρειες βιβλιογραφικής εγγραφής
Κύριος συγγραφέας: Pukanszky, L.
Μορφή: Βιβλίο
Γλώσσα:English
Δημοσίευση: Providence, RI : American Mathematical Society, c1999
Σειρά:Mathematical surveys and monographs ; ; 71
Θέματα:
Ετικέτες: Προσθήκη ετικέτας
Δεν υπάρχουν, Καταχωρήστε ετικέτα πρώτοι!

MARC

LEADER 00000cam a2200000 i 4500
001 1/68002
008 071217s1999 eng d
020 |a 0-8218-1088-X 
035 |l 10093152 
040 |a GR-MY-UA  |b gre  |e aacr 
041 0 |a eng 
082 0 |a 512.55  |2 (22) 
100 1 |a Pukanszky, L. 
245 1 0 |a Characters of connected Lie groups /  |c Lajos Pukanszky 
260 |a Providence, RI :   |b American Mathematical Society,   |c c1999 
300 |a xvii, 128 σ.;  |b εικ.;  |c 26 εκ. 
490 1 |a Mathematical surveys and monographs  |v ; 71 
504 |a Περιέχει βιβλιογραφικές παραπομπές 
650 0 0 |a Lie groups. 
650 0 0 |a Characters of groups. 
650 0 0 |a Representations of Lie groups. 
830 0 |a Mathematical surveys and monographs ;  |v ; 71 
852 |a INST  |b SAMOS  |e 20071217  |h 512.55 PUK  |p 005300027424  |q 005300027424  |t BK  |y 0 
901 |a BIBL3-2007-3 
909 |a Σ  |b 140379 
922 |a 3ΕΛΗ  |b 200711  |c ΕΠΕΑΕΚ2/ΤΜΗΜΑ ΜΑΘΗΜΑΤΙΚΩΝ  |d ΕΛΕΥΘΕΡΟΥΔΑΚΗΣ 
970 |a ΡΟΥΣΣΟΥ  |b ΚΩΝΣΤΑΝΤΙΝΑ  |z 2007/12/17